000 00492 a2200169 4500
003 Nust
005 20221018112113.0
040 _cNust
082 _a620,QUR
100 _aQureshi, M.Nauman
_9100578
245 _aCarvan's Engineering colleges admission test manual /
_cM.Nauman Qureshi,
260 _aCarvana Enterprises
_bPakistan
_c2005
300 _a276 p
505 _aPhysics (Page-1), Chemistry (Page-251), Mathematics (Page-473),
650 _aManual
_9100579
942 _2ddc
_cBK
999 _c189108
_d189108